|
|
|
|
| LEADER |
00000nam0a2200000 4500 |
| 001 |
307112 |
| 005 |
20231102001948.0 |
| 035 |
|
|
|a (RuTPU)RU\TPU\book\332405
|
| 090 |
|
|
|a 307112
|
| 100 |
|
|
|a 20151015d1970 m y0rusy50 ca
|
| 101 |
0 |
|
|a rus
|
| 102 |
|
|
|a RU
|
| 105 |
|
|
|a a z 000zy
|
| 200 |
1 |
|
|a Найти человека
|f А. Л. Барто
|
| 210 |
|
|
|a Москва
|c Советский писатель
|d 1970
|
| 215 |
|
|
|a 303 с.
|c ил.
|
| 600 |
|
1 |
|a Барто
|b А. Л.
|c русская писательница, детский поэт, драматург
|f 1906-1981
|g Агния Львовна
|2 stltpush
|3 (RuTPU)RU\TPU\pers\16208
|9 5755
|
| 606 |
1 |
|
|a Русская литература современная
|2 stltpush
|3 (RuTPU)RU\TPU\subj\26373
|9 50316
|
| 610 |
1 |
|
|a художественная литература
|
| 610 |
1 |
|
|a письма
|
| 610 |
1 |
|
|a дневниковые записи
|
| 610 |
1 |
|
|a поиск
|
| 610 |
1 |
|
|a судьбы
|
| 610 |
1 |
|
|a Великая Отечественная война 1941-1945
|
| 610 |
1 |
|
|a военная проза
|
| 675 |
|
|
|a Р2
|v 4
|
| 700 |
|
1 |
|a Барто
|b А. Л.
|c русская писательница, детский поэт, драматург
|f 1906-1981
|g Агния Львовна
|2 stltpush
|3 (RuTPU)RU\TPU\pers\16208
|4 070
|9 5755
|
| 801 |
|
1 |
|a RU
|b 63413507
|c 20151015
|
| 801 |
|
2 |
|a RU
|b 63413507
|c 20210414
|g RCR
|
| 942 |
|
|
|c BK
|